| 000 | 00685nam a22002057a 4500 | ||
|---|---|---|---|
| 999 |
_c19225 _d19225 |
||
| 003 | AR-CdUCM | ||
| 008 | 190516b ||||| |||| 00| 0 spa d | ||
| 040 |
_aMUNICIPALIDAD PROVINCIAL DEL CUSCO _cBIBLIOTECA MUNICIPAL DEL CUSCO |
||
| 082 |
_a643.7 / _bL44 |
||
| 100 |
_aLemons, Wayne _940436 |
||
| 245 | _aReparación de pequeños electrodomésticos / | ||
| 260 |
_aMadrid : _bParaninfo, _c1972. |
||
| 300 |
_a221 páginas ; _c23 cm. |
||
| 505 | _aContenido : Procedimientos generales de reparación -- Termostatos -- Tostadores... | ||
| 650 |
_aReparación en general _940437 |
||
| 650 |
_aHogar _91186 |
||
| 700 |
_aMontgomery, Glen _940438 |
||
| 942 |
_2ddc _cLIBROS |
||
| 945 | _arcc | ||